000 00384 a2200157 4500
003 Nust
005 20230204141458.0
040 _cNust
082 _a944,PLI
100 _a Plisnier, Charles
_9108634
245 _aMemoirs of A Secret Revolutionary /
_cCharles Plisnier
260 _aLondon
_bBoriswood
300 _a284:p
650 _aVolution
_9108635
942 _2ddc
_cBK
_k944,PLI
999 _c187242
_d187242